01463cam a2200301 a 4500999001700000001000700017005001700024008004100041010001700082020002500099043002100124050002000145111008000165245026200245260012700507300005400634440003800688504002900726600002700755650002900782700001700811700003100828700002700859710005000886856008900936942001501025952012101040 c21485d2148597176520170121142247.0870708s1988 pauaf b s110 0 eng  a 85043605  a0271006145 :c$42.50 aa------aff-----00aN6260 .C64 19802 aColloquium in Memory of Richard Ettinghausend(1980 :cNew York University)10aContent and context of visual arts in the Islamic world :bpapers from a Colloquium in Memory of Richard Ettinghausen, Institute of Fine Arts, New York University, 2-4 April 1980 /cplanned and organized by Carol Manson Bier ; edited by Priscilla P. Soucek. aUniversity Park :bPublished for the College Art Association of America by the Pennsylvania State University Press,c1988. axxii, 261 p., [15] p. of plates :bill. ;c29 cm. 0aMonographs on the fine arts ;v44 aIncludes bibliographies.10aEttinghausen, Richard. 0aIslamic artvCongresses.1 aBier, Carol.1 aSoucek, Priscilla Parsons.1 aEttinghausen, Richard.2 aNew York University.bInstitute of Fine Arts.423Publisher descriptionuhttp://www.loc.gov/catdir/enhancements/fy1309/85043605-d.html 2lcccBOOKS 00102lcc4070aMUCbMUCcGENd2017-01-21eDonation(BFA)l0oN 6260 .C64 1980p31212r2017-01-21w2017-01-21yBOOKS